000 00336nam a22001457a 4500
008 210301b ||||| |||| 00| 0 eng d
020 _a9780077553920
041 _aeng
080 _26th
_a611
082 _a611
100 _a6
101 _aANA
245 _aAnatomy Phisiology The unity of form and function
_cMAC
942 _2udc
_cBK
999 _c55381
_d55381